| 000 -LEADER |
| fixed length control field |
00612nam a22001697a 4500 |
| 020 ## - INTERNATIONAL STANDARD BOOK NUMBER |
| ISBN |
9781032146171 |
| 082 ## - DEWEY DECIMAL CLASSIFICATION NUMBER |
| Classification number |
150.287 |
| Item number |
C776 2023 |
| 100 ## - MAIN ENTRY--AUTHOR NAME |
| Personal name |
Cooper, Colin, author. |
| 245 ## - TITLE STATEMENT |
| Title |
An introduction to psychometrics and psychological assessment:using, interpreting, and developing tests / Colin Cooper. |
| 250 ## - EDITION STATEMENT |
| Edition statement |
Second edition. |
| 260 ## - PUBLICATION, DISTRIBUTION, ETC. (IMPRINT) |
| Place of publication |
New York, NY : |
| Name of publisher |
Routledge, |
| Year of publication |
c2023. |
| 300 ## - PHYSICAL DESCRIPTION |
| Number of Pages |
1 online resource, xii, 424 pages, |
| Other physical details |
illustrations (some color). |
| 500 ## - GENERAL NOTE |
| General note |
Includes bibliographical references and index. |
| 650 ## - SUBJECT ADDED ENTRY--TOPICAL TERM |
| Topical Term |
Psychometrics. |
| 650 ## - SUBJECT ADDED ENTRY--TOPICAL TERM |
| Topical Term |
Psychological tests. |
| 942 ## - ADDED ENTRY ELEMENTS (KOHA) |
| Koha item type |
Electronic Books |